000
00253nam a2200121Ia 4500
082
_a
615.312
_b
P13Z
100
_a
ZAFAR, R.
245
_a
PRACTICAL PHARMACOGNOSY
260
_b
CBS- DELHI
300
_a
135
650
_a
PHARMACOGNOSY
942
_2
ddc
_c
BK
_0
2
999
_c
7148
_d
7148